000 01127cab a22002415a 4500
001 L155136
008 120306e20120225xxk 000 0 eng d
035 _a(Sirsi) u155136
041 0 _aeng
100 1 _aHarrison, Piers
245 0 0 _aDevelopment value in collective enfranchisement claims: Part 2
260 _c2012
490 _aEstates Gazette
_v(1206) 25 February 2012, 94-95(2)
520 _aPart 2 of a Mainly for Students article looks at the calculation of development value in collective enfranchisement claims with particular reference to value of landlord's reversion and calculation of marriage value under Leasehold Reform Housing and Urban Development Act 1993 Schedule 6 paragraphs 3 and 4. Refers to case law and worked examples. For Part 1 see L155004.
590 _aKA
650 2 4 _a31 CADOGAN SQUARE FREEHOLD LTD V EARL CADOGAN
650 2 4 _a37 CADOGAN SQUARE FREEHOLD LTD V EARL CADOGAN
650 2 4 _aLEASEHOLD REFORM, HOUSING AND URBAN DEVELOPMENT ACT 1993 SCHED 6
651 4 _aEngland and Wales
_y1543-
690 _aValuation
_96273
690 _aResidential property
_96266
942 _n0
999 _c83824
_d83824